[Event "It (open)"]
[Site "masterchessopen.com St. Veit (Austria)"]
[Date "2006.07.14"]
[Round "7"]
[White "Genser Harald (AUT)"]
[Black "Newrkla Alexander (AUT)"]
[Result "1-0"]
[WhiteElo "2321"]
[BlackElo "2061"]

1.d4 Nf6 2.c4 d6 3.Nc3 g6 4.e4 Bg7 5.Nf3 O-O 6.Be2 e5 7.O-O Nc6 8.d5 Ne7 9.Ne1
Ne8 10.Be3 f5 11.f3 f4 12.Bf2 g5 13.Nd3 Ng6 14.c5 Rf7 15.a4 Qf6 16.a5 Bf8
17.c6 Rg7 18.cxb7 Bxb7 19.a6 Bc8 20.Nb5 h5 21.Nxa7 Bd7 22.Ne1 g4 23.fxg4 hxg4
24.Bxg4 Bxg4 25.Qxg4 Nh4 26.Qxh4 Qxh4 27.Bxh4 Rxa7 28.Rf3 Be7 29.Bf2 Ra8
30.Rb3 c5 31.dxc6 Nc7 32.a7 Bd8 33.Rb8 Kh7 34.Bb6 {#r} 1-0

[Event "It (open)"]
[Site "masterchessopen.com Stare Mesto (Czech Republic)"]
[Date "2007.08.15"]
[Round "7"]
[White "Vrana Frantisek (CZE)"]
[Black "Senkyr Martin (CZE)"]
[Result "1-0"]
[WhiteElo "2317"]
[BlackElo "2091"]

1.Nf3 Nf6 2.c4 g6 3.Nc3 Bg7 4.e4 d6 5.d4 O-O 6.Be2 e5 7.O-O Nc6 8.d5 Ne7 9.Ne1
Ne8 10.f3 f5 11.g4 Nf6 12.Ng2 Bd7 13.Be3 c5 14.a3 h6 15.b4 b6 16.Rb1 Qc8 17.h3
fxg4 18.fxg4 g5 19.Rf3 Ng6 20.Bf2 h5 21.Ne3 Nf4 22.Nf5 hxg4 23.Ne7+ {#r} 1-0

[Event "It (open)"]
[Site "masterchessopen.com Tarragona (Spain)"]
[Round "8"]
[White "Sole Fabregat Xavier (ESP)"]
[Black "Moro Adame Antonio (ESP)"]
[Result "1-0"]
[WhiteElo "2229"]
[BlackElo "2138"]

1.d4 Nf6 2.Nf3 g6 3.c4 Bg7 4.Nc3 d6 5.e4 O-O 6.Be2 e5 7.O-O Nc6 8.d5 Ne7 9.Ne1
Ne8 10.Be3 f5 11.f3 f4 12.Bf2 h5 13.c5 g5 14.Rc1 Ng6 15.cxd6 cxd6 16.a4 Bh6
17.Rc2 Kh7 18.Nb5 a6 19.Nc7 Nxc7 20.Bb6 Rf7 21.Qc1 g4 22.Rxc7 Bd7 23.Rxb7 Qe7
24.b4 Rg8 25.b5 axb5 26.Bxb5 Nf8 27.a5 Qh4 28.Bxd7 Nxd7 29.Qc6 Qe7 30.a6 Rfg7
31.a7 gxf3 32.Rxf3 Qe8 33.Rb8 {#r} 1-0

[Event "It (open)"]
[Site "masterchessopen.com Tenerife (Spain)"]
[Date "2009.12.19"]
[Round "1"]
[White "Pinto Henriquez Rodrigo (ESP)"]
[Black "Perez Barreto Adrian (ESP)"]
[Result "1-0"]
[WhiteElo "2219"]
[BlackElo "1542"]

1.d4 Nf6 2.c4 g6 3.Nc3 Bg7 4.e4 d6 5.Nf3 O-O 6.Be2 e5 7.O-O Nc6 8.d5 Ne7 9.Ne1
Ne8 10.Be3 f5 11.f3 f4 12.Bf2 g5 13.Nd3 Nf6 14.h3 h5 15.c5 Ng6 16.Rc1 Rf7
17.cxd6 cxd6 18.Re1 Bf8 19.Kf1 Rg7 20.Qb3 g4 21.hxg4 hxg4 22.Red1 g3 23.Bg1
Rh7 24.Ke1 Rh1 25.Kd2 Nh4 26.Nb5 Qa5+ 27.Qb4 Qxb4+ 28.Nxb4 a5 29.Nc7 axb4
30.Nxa8 Nxg2 31.Rxc8 {#r} 1-0

[Event "It (open)"]
[Site "masterchessopen.com Teplice (Czech Republic)"]
[Date "2010.06.19"]
[Round "8"]
[White "Balin Kamil (CZE)"]
[Black "Braun Marek (CZE)"]
[Result "0-1"]
[WhiteElo "2061"]
[BlackElo "2153"]

1.d4 Nf6 2.c4 g6 3.Nc3 Bg7 4.e4 d6 5.Nf3 O-O 6.Be2 e5 7.O-O Nc6 8.d5 Ne7 9.Ne1
Ne8 10.Be3 f5 11.f3 f4 12.Bf2 g5 13.c5 Ng6 14.a4 h5 15.a5 Nf6 16.cxd6 cxd6
17.Nb5 g4 18.Nxa7 Bd7 19.Qb3 Qe7 20.Bb5 gxf3 21.Bxd7 fxg2 22.Be6+ Kh8 23.Nxg2
Nxe4 24.Qf3 Nf6 25.Nb5 e4 26.Qd1 f3 27.Nh4 Nxh4 28.Bxh4 Qe8 29.Nc7 Qg6+ 30.Bg3
h4 31.Nxa8 hxg3 32.h3 Nh5 33.Bg4 Rxa8 34.Qc2 Bd4+ {#R} 0-1

[Event "It (open)"]
[Site "masterchessopen.com Triesen (Liechtenstein)"]
[Date "2007.05.13"]
[Round "3"]
[White "Ferk Martin (AUT)"]
[Black "Schmidt Rainer (GER)"]
[Result "0-1"]
[WhiteElo "1996"]
[BlackElo "2175"]

1.d4 Nf6 2.c4 g6 3.Nc3 Bg7 4.e4 d6 5.Nf3 O-O 6.Be2 e5 7.O-O Nc6 8.d5 Ne7 9.Ne1
Ne8 10.Be3 f5 11.f3 f4 12.Bf2 g5 13.Nd3 Ng6 14.c5 Rf7 15.Rc1 Bf8 16.cxd6 cxd6
17.Qb3 h5 18.Rc2 g4 19.Rfc1 g3 20.hxg3 fxg3 21.Bxg3 Bh6 22.Rf1 Rg7 23.Bf2 Bh3
24.Rd1 Bxg2 25.Kxg2 Nh4+ 26.Kh1 Qd7 27.Bf1 Nxf3 28.Ne2 Qg4 29.Qa4 Be3 30.Bg3
Nd4 31.Nxe5 dxe5 32.Rxd4 Bxd4 33.Bg2 h4 {#R} 0-1

[Event "It (open)"]
[Site "masterchessopen.com Utrecht (Netherlands)"]
[Round "6"]
[White "Vroombout Enrico (NED)"]
[Black "Van Run Jan (NED)"]
[Result "1-0"]
[WhiteElo "2208"]
[BlackElo "2056"]

1.d4 g6 2.Nf3 Bg7 3.c4 Nf6 4.Nc3 O-O 5.e4 d6 6.Be2 e5 7.O-O Nc6 8.d5 Ne7 9.Ne1
Ne8 10.Be3 f5 11.f3 fxe4 12.fxe4 Rxf1+ 13.Kxf1 Nf6 14.Nd3 b6 15.b4 a5 16.a3
Bd7 17.c5 axb4 18.axb4 Rxa1 19.Qxa1 bxc5 20.bxc5 Bg4 21.Qa7 Bxe2+ 22.Kxe2 Qc8
23.h3 dxc5 24.Bxc5 Nxe4 25.Nxe4 Qf5 26.Qa8+ Kf7 27.d6 c6 28.Ng3 {#r} 1-0

[Event "It (open)"]
[Site "masterchessopen.com Val Thorens (France)"]
[Round "3"]
[White "Lersy Xavier (FRA)"]
[Black "Schmidt Raul (ROM)"]
[Result "0-1"]
[WhiteElo "2051"]
[BlackElo "2377"]

1.d4 Nf6 2.c4 g6 3.Nc3 Bg7 4.e4 d6 5.Nf3 O-O 6.Be2 e5 7.O-O Nc6 8.d5 Ne7 9.Ne1
Ne8 10.f3 f5 11.Be3 f4 12.Bf2 g5 13.b4 Nf6 14.c5 Ng6 15.Nd3 h5 16.Nb2 g4
17.Nc4 Bh6 18.cxd6 cxd6 19.Nb5 g3 20.hxg3 Ne8 21.g4 hxg4 22.fxg4 Bg5 23.Bf3
Bh4 24.Qe2 Bg3 25.Rfc1 a6 26.Nb6 Bd7 27.Nxd7 Qxd7 28.Bxg3 fxg3 29.Nc3 Qh7
30.Qe3 Nf6 31.Qg5 Nxg4 32.Qxg4 Qh2+ 33.Kf1 Rxf3+ 34.Ke1 Qg1+ {#R} 0-1

[Event "It (open)"]
[Site "masterchessopen.com Velden (Austria)"]
[Round "3"]
[White "Bergen Peter (AUT)"]
[Black "Probat Bernd (AUT)"]
[Result "1-0"]
[WhiteElo "2149"]
[BlackElo "2083"]

1.d4 Nf6 2.c4 g6 3.Nc3 Bg7 4.e4 d6 5.Nf3 O-O 6.Be2 e5 7.O-O Nc6 8.d5 Ne7 9.Ne1
Ne8 10.Nd3 f5 11.f4 fxe4 12.Nxe4 Bf5 13.Ng5 h6 14.Ne6 Bxe6 15.dxe6 exf4
16.Nxf4 c6 17.Bd3 g5 18.Nh5 Bd4+ 19.Kh1 Nf6 20.Nxf6+ Rxf6 21.Bxg5 hxg5 22.Qh5
Qe8 23.Qh7+ Kf8 24.Qh6+ {#r} 1-0

[Event "It (open)"]
[Site "masterchessopen.com Vienna (Austria)"]
[Date "2009.08.15"]
[Round "1"]
[White "Demuth Adrien (FRA)"]
[Black "Heiny Michael (AUT)"]
[Result "1-0"]
[WhiteElo "2339"]
[BlackElo "2056"]

1.d4 Nf6 2.c4 g6 3.Nc3 Bg7 4.e4 d6 5.Nf3 O-O 6.Be2 e5 7.O-O Nc6 8.d5 Ne7 9.Ne1
Ne8 10.Be3 f5 11.f3 f4 12.Bf2 g5 13.c5 h5 14.a4 Bd7 15.Qb3 b6 16.c6 Bc8 17.a5
Rb8 18.axb6 axb6 19.Qa3 g4 20.Qa7 gxf3 21.Nxf3 Bg4 22.h3 Bxf3 23.Bxf3 Nf6
24.Nb5 Rc8 25.Qb7 Kh8 26.Rfe1 Ng6 27.Ra7 Ne8 28.Rea1 Rb8 29.Qxb8 Qxb8 30.Ra8
Nf6 31.Rxb8 Rxb8 32.Nxc7 b5 33.Ra8 Rxa8 34.Nxa8 Ne7 35.Nb6 {#r} 1-0

[Event "It (open)"]
[Site "masterchessopen.com Vienna (Austria)"]
[Date "2012.08.19"]
[Round "7"]
[White "Lang Andreas (GER)"]
[Black "Leisenberger Harald (AUT)"]
[Result "1-0"]
[WhiteElo "2025"]
[BlackElo "2139"]

1.d4 Nf6 2.c4 g6 3.Nc3 Bg7 4.e4 d6 5.Be2 O-O 6.Nf3 e5 7.O-O Nc6 8.d5 Ne7 9.Ne1
Ne8 10.f3 f5 11.g4 c5 12.a3 f4 13.h4 Kf7 14.b4 cxb4 15.axb4 Qb6+ 16.Kg2 Qxb4
17.Nb5 Qc5 18.Ba3 Qb6 19.Nd3 a6 20.c5 dxc5 21.Bxc5 Qd8 22.Qb3 Ng8 23.Rh1 Bd7
24.Bxf8 Kxf8 25.Qb4+ Qe7 26.d6 Qd8 27.Nc7 Nxc7 28.dxc7+ Qe7 29.Qxb7 Re8
30.Qxa6 Nh6 31.Rab1 Nf7 32.Nb4 Be6 33.Nd5 Bxd5 34.c8=Q {#r} 1-0

[Event "It (open)"]
[Site "masterchessopen.com Vladimir (Russia)"]
[Date "2009.08.26"]
[Round "7"]
[White "Gavrish Leonid (UKR)"]
[Black "Tsarukian Elis (RUS)"]
[Result "0-1"]
[WhiteElo "2217"]
[BlackElo "2232"]

1.d4 Nf6 2.c4 g6 3.Nc3 Bg7 4.e4 d6 5.Nf3 O-O 6.Be2 e5 7.O-O Nc6 8.d5 Ne7 9.Ne1
Ne8 10.Nd3 f5 11.f4 exf4 12.Nxf4 Nf6 13.Bf3 fxe4 14.Nxe4 Nxe4 15.Bxe4 c6
16.Be3 Bxb2 17.Rb1 Be5 18.Qd3 cxd5 19.cxd5 Nf5 20.Ne6 Bxe6 21.dxe6 Qh4 22.Rf3
Bxh2+ {#R} 0-1

[Event "It (open)"]
[Site "masterchessopen.com Voronezh (Russia)"]
[Round "6"]
[White "Nikitin Andrey (RUS)"]
[Black "Morozov Dmitry (RUS)"]
[Result "1-0"]
[WhiteElo "2458"]
[BlackElo "2350"]

1.d4 Nf6 2.c4 g6 3.Nc3 Bg7 4.e4 d6 5.Nf3 O-O 6.Be2 e5 7.O-O Nc6 8.d5 Ne7 9.Ne1
Ne8 10.Be3 f5 11.f3 f4 12.Bf2 h5 13.a4 g5 14.c5 Rf6 15.Nb5 dxc5 16.Bxc5 a6
17.Na3 Rg6 18.h3 Kh7 19.Nd3 Ng8 20.Nc4 b6 21.Bb4 g4 22.Ndxe5 gxf3 23.Bxf3 Rg3
24.Be1 Qg5 25.Nf7 Qh4 26.Bxg3 fxg3 27.e5 Ne7 28.Be4+ Kg8 29.Qd3 {#r} 1-0

[Event "It (open)"]
[Site "masterchessopen.com Wiesbaden (Germany)"]
[Round "0"]
[White "Schwarz Peter (GER)"]
[Black "Schiffer Steve (GER)"]
[Result "1-0"]
[WhiteElo "2290"]
[BlackElo "2121"]

1.d4 Nf6 2.c4 g6 3.Nc3 Bg7 4.e4 d6 5.Nf3 O-O 6.Be2 e5 7.O-O Nc6 8.d5 Ne7 9.Ne1
a5 10.Nd3 Nd7 11.Bd2 f5 12.Rc1 b6 13.f3 f4 14.a3 Nf6 15.b4 g5 16.c5 axb4
17.axb4 Ne8 18.cxb6 cxb6 19.Nf2 Kh8 20.Ra1 Rb8 21.Ra7 Ng8 22.Qa4 Ngf6 23.Nb5
h5 24.h3 Rg8 25.Rc1 Bf8 26.Nc7 Bd7 27.Bb5 Bxb5 28.Qxb5 g4 29.Ne6 {#r} 1-0

[Event "It (open)"]
[Site "masterchessopen.com Zagreb (Croatia)"]
[Date "2008.05.12"]
[Round "1"]
[White "Jankovic Alojzije (CRO)"]
[Black "Krstic Uros (CRO)"]
[Result "1-0"]
[WhiteElo "2548"]
[BlackElo "2379"]

1.d4 g6 2.c4 Bg7 3.Nf3 d6 4.Nc3 Nf6 5.e4 O-O 6.Be2 e5 7.O-O Nc6 8.d5 Ne7 9.Ne1
Ne8 10.Nd3 Kh8 11.f4 c6 12.Kh1 cxd5 13.cxd5 a6 14.fxe5 dxe5 15.Be3 Nd6 16.Qb3
b5 17.a4 Rb8 18.axb5 axb5 19.Qb4 Nxe4 20.Qxe4 f5 21.Qh4 Nxd5 22.Qxd8 Rxd8
23.Nxd5 Rxd5 24.Nb4 Rd6 25.Ba7 Rb7 26.Bc5 Rd8 27.Ra8 Rg8 28.Rd1 h6 29.Nc6 Be6
30.Rxg8+ Bxg8 31.b4 e4 32.Kg1 Bb3 33.Rd8+ Kh7 34.Na5 {#r} 1-0

[Event "It (open)"]
[Site "masterchessopen.com Zuerich (Switzerland)"]
[Date "2009.08.13"]
[Round "7"]
[White "Lauber Arnd (GER)"]
[Black "Fejzullahu Afrim (SRB)"]
[Result "0-1"]
[WhiteElo "2517"]
[BlackElo "2344"]

1.d4 Nf6 2.c4 g6 3.Nc3 Bg7 4.e4 d6 5.Nf3 O-O 6.Be2 e5 7.O-O Nc6 8.d5 Ne7 9.Ne1
Ne8 10.Be3 f5 11.f3 f4 12.Bf2 a5 13.c5 Bd7 14.Qb3 Qb8 15.Bb5 Bxb5 16.Nxb5 g5
17.Rc1 Rf7 18.cxd6 cxd6 19.Nd3 Ng6 20.Rc4 Qd8 21.Rfc1 g4 22.fxg4 f3 23.Qc2 Qd7
24.a4 Qxg4 25.Bg3 Bh6 26.Rc8 Be3+ 27.Nf2 Bxf2+ 28.Kxf2 fxg2+ 29.Kg1 Rf1+ {#R}
0-1

[Event "It (open)"]
[Site "masterchessopen.com Zurich (Switzerland)"]
[Round "4"]
[White "Bucher Michael (SUI)"]
[Black "Kneifel Stefan (SUI)"]
[Result "1-0"]
[WhiteElo "2169"]
[BlackElo "2116"]

1.d4 Nf6 2.c4 g6 3.Nc3 Bg7 4.e4 d6 5.Nf3 O-O 6.Be2 e5 7.O-O Nc6 8.d5 Ne7 9.Ne1
c5 10.f4 Ne8 11.Nd3 b6 12.Qe1 f5 13.Bf3 fxe4 14.Bxe4 exf4 15.Bxf4 Nf5 16.g4
Nd4 17.Qg3 Ba6 18.h4 Bxc4 19.Bg5 Nf6 20.Rf2 Nxe4 21.Nxe4 Rxf2 22.Qxf2 Qd7
23.Nf4 Qxg4+ 24.Kh1 Rf8 25.Rg1 Qf5 26.Qg2 Qe5 27.Re1 Kh8 28.Qg4 Bxd5 29.Nxd5
Qxd5 30.Be7 Qf5 31.Qg2 Rg8 32.Nxd6 Qf4 33.Rf1 {#r} 1-0

[Event "It (open) (b)"]
[Site "masterchessopen.com Eforie Nord (Romania)"]
[Round "0"]
[White "Caravan Mariana (ROM)"]
[Black "Jakovlev Alexander (RUS)"]
[Result "1-0"]
[WhiteElo "2136"]
[BlackElo "1805"]

1.d4 Nf6 2.c4 g6 3.Nc3 Bg7 4.e4 d6 5.Nf3 O-O 6.Be2 e5 7.O-O Nc6 8.d5 Ne7 9.Ne1
Ne8 10.Be3 f5 11.f3 f4 12.Bf2 Nf6 13.c5 h5 14.Rc1 g5 15.cxd6 cxd6 16.Nb5 b6
17.Nc7 Rb8 18.Qa4 Rb7 19.Ne6 Bxe6 20.dxe6 Rc7 21.Nd3 g4 22.Rxc7 Qxc7 23.Rc1
Qb8 24.Nb4 gxf3 25.gxf3 Rc8 26.Rxc8+ Nxc8 27.Nd5 Nxd5 28.Qe8+ Bf8 29.Qf7+ {#r}
1-0

[Event "It (open) (b)"]
[Site "masterchessopen.com Forchheim (Germany)"]
[Date "2010.10.02"]
[Round "3"]
[White "Killmann Martin (GER)"]
[Black "Seifert Heinz (GER)"]
[Result "1-0"]
[WhiteElo "1766"]
[BlackElo "1540"]

1.d4 Nf6 2.c4 g6 3.Nc3 Bg7 4.e4 d6 5.Nf3 O-O 6.Be2 e5 7.O-O Nc6 8.d5 Ne7 9.Ne1
Ne8 10.Be3 f5 11.f3 Nf6 12.c5 Rf7 13.Rc1 Bf8 14.cxd6 cxd6 15.Nb5 b6 16.Nc7 Rb8
17.Ne6 Bxe6 18.dxe6 Rg7 19.Bh6 fxe4 20.Bxg7 Bxg7 21.fxe4 Nxe4 22.Bf3 Nc5
23.Bd5 Nxd5 24.Qxd5 Qe7 25.Rf7 Qxe6 26.Rxg7+ Kxg7 27.Rxc5 Qxd5 28.Rxd5 Rd8
29.Nf3 e4 30.Ng5 {#r} 1-0

[Event "It (open) (b)"]
[Site "masterchessopen.com Hamburg (Germany)"]
[Date "2005.10.05"]
[Round "5"]
[White "Bollmann Rolf"]
[Black "Springer Sebastian"]
[Result "0-1"]
[WhiteElo "1603"]
[BlackElo "1487"]

1.d4 Nf6 2.c4 g6 3.Nc3 Bg7 4.e4 d6 5.Nf3 O-O 6.Be2 e5 7.O-O Nc6 8.d5 Ne7 9.Ne1
Ne8 10.Nd3 f5 11.f3 Nf6 12.Be3 f4 13.Bf2 g5 14.c5 a6 15.Rc1 h5 16.cxd6 cxd6
17.h3 Qe8 18.Na4 Qg6 19.Nb6 Rb8 20.Rc7 Re8 21.Nxc8 Rbxc8 22.Rxc8 Rxc8 23.Qb3
g4 24.Nxe5 dxe5 25.d6+ Kh7 26.dxe7 gxh3 27.g4 fxg3 28.Be1 Rc1 29.Bd1 g2 {#R}
0-1

[Event "It (open) (b)"]
[Site "masterchessopen.com Moscow (Russia)"]
[Date "2008.02.04"]
[Round "3"]
[White "Ustinov Alexey (RUS)"]
[Black "Rosanov Lev I (RUS)"]
[Result "0-1"]
[WhiteElo "2067"]
[BlackElo "2127"]

1.d4 Nf6 2.Nf3 g6 3.c4 Bg7 4.Nc3 O-O 5.e4 d6 6.Be2 e5 7.O-O Nc6 8.d5 Ne7 9.Ne1
c5 10.dxc6 bxc6 11.Be3 Be6 12.Qa4 d5 13.cxd5 cxd5 14.Bc5 d4 15.Qa3 Re8 16.Rd1
Bd7 17.f4 dxc3 18.fxe5 Nxe4 19.Bb5 Nxc5 20.Qxc5 cxb2 21.e6 fxe6 22.Bxd7 b1=Q
23.Bxe6+ Kh8 24.Rxd8 Raxd8 25.Nf3 Qb6 {#R} 0-1

[Event "It (open) (b)"]
[Site "masterchessopen.com Voronezh (Russia)"]
[Date "2009.06.15"]
[Round "4"]
[White "Rasstriguine Andrei (RUS)"]
[Black "Cherednichenko Viktor (RUS)"]
[Result "1-0"]
[WhiteElo "2091"]
[BlackElo "1964"]

1.Nf3 Nf6 2.c4 g6 3.Nc3 Bg7 4.e4 d6 5.d4 O-O 6.Be2 e5 7.O-O Nc6 8.d5 Ne7 9.Ne1
Ne8 10.Be3 f5 11.f3 c5 12.Rb1 a5 13.a3 h6 14.b4 axb4 15.axb4 Ra3 16.Qc1 cxb4
17.Nb5 Ra2 18.Bd3 fxe4 19.fxe4 Rxf1+ 20.Kxf1 g5 21.c5 Ng6 22.Nxd6 Nxd6 23.cxd6
Qd7 24.Qc4 Ra8 25.Qxb4 Nf4 26.Bb5 Qg4 27.Qb2 Qh4 28.d7 Bxd7 29.Bxd7 Qxh2
30.Bf5 Qh1+ 31.Bg1 Bf8 32.Qxb7 {#r} 1-0

[Event "It (open) (b)"]
[Site "masterchessopen.com Voronezh (Russia)"]
[Date "2011.06.17"]
[Round "6"]
[White "Kapustin Alexandr (RUS)"]
[Black "Avtsynov Artyom (RUS)"]
[Result "0-1"]
[WhiteElo "2200"]
[BlackElo "2011"]

1.c4 Nf6 2.d4 g6 3.Nc3 Bg7 4.e4 O-O 5.Nf3 d6 6.Be2 e5 7.O-O Nc6 8.d5 Ne7 9.Ne1
Ne8 10.Be3 f5 11.f3 f4 12.Bf2 g5 13.b4 Rf7 14.Nd3 Bf8 15.c5 Rg7 16.Rc1 h5
17.g4 fxg3 18.hxg3 Ng6 19.Kg2 Nf4+ 20.Kh2 Qd7 21.Nxf4 gxf4 22.g4 hxg4 23.fxg4
Nf6 24.Rg1 Qf7 25.Kh3 Qh5+ 26.Bh4 Qxh4+ 27.Kxh4 Rh7+ 28.Kg5 Be7 29.cxd6 cxd6
30.Kg6 Rg7+ 31.Kh6 Kf7 {#R} 0-1

[Event "It (open) (juniors)"]
[Site "masterchessopen.com Plzen (Czech Republic)"]
[Round "4"]
[White "Balin Kamil (CZE)"]
[Black "Teterev Vitaly (BLR)"]
[Result "0-1"]
[WhiteElo "2050"]
[BlackElo "2040"]

1.d4 Nf6 2.c4 g6 3.Nc3 Bg7 4.e4 d6 5.Nf3 O-O 6.Be2 e5 7.O-O Nc6 8.d5 Ne7 9.Ne1
Ne8 10.Be3 f5 11.f3 f4 12.Bf2 g5 13.b4 h5 14.c5 Rf6 15.Rc1 Rg6 16.Nb5 g4
17.Kh1 g3 18.Bg1 a6 19.Nc3 gxh2 20.Bf2 h4 21.Bxh4 Bf6 22.Bf2 Rh6 23.cxd6 cxd6
24.Na4 Ng7 25.Nb6 Rb8 26.Nxc8 Rxc8 27.g3 fxg3 28.Be3 Rh7 29.Ng2 Rxc1 30.Qxc1
Nh5 31.Qc2 Ng6 32.f4 Nhxf4 33.Bxf4 Nxf4 34.Bg4 Bg5 35.Qc3 {#R} 0-1

[Event "It (open) (juniors)"]
[Site "masterchessopen.com Plzen (Czech Republic)"]
[Round "9"]
[White "Kolar Jachym (CZE)"]
[Black "Hrbolka Ladislav Jr (CZE)"]
[Result "0-1"]
[WhiteElo "2146"]
[BlackElo "2159"]

1.d4 Nf6 2.Nf3 g6 3.c4 Bg7 4.Nc3 O-O 5.e4 d6 6.Be2 e5 7.O-O Nc6 8.d5 Ne7 9.Ne1
Ne8 10.Be3 f5 11.f3 f4 12.Bf2 g5 13.c5 Ng6 14.Rc1 Rf7 15.cxd6 cxd6 16.Nb5 a6
17.Na3 b5 18.Nac2 h5 19.Nb4 Nf6 20.Kh1 g4 21.a4 g3 22.Bg1 gxh2 23.Bf2 h4
24.axb5 Nh5 25.bxa6 Ng3+ 26.Kxh2 h3 27.gxh3 Bxh3 28.Ng2 Bxg2 29.Kxg2 Qg5
30.Bd3 Nxe4+ 31.Kh1 Bf6 32.Bg1 Rh7+ 33.Bh2 Ng3+ {#R} 0-1

[Event "It (open) (juniors)"]
[Site "masterchessopen.com Stockerau (Austria)"]
[Round "0"]
[White "Pushkarjow Andreij (BLR)"]
[Black "Forster Richard (SUI)"]
[Result "0-1"]
[WhiteElo "2255"]
[BlackElo "2456"]

1.d4 Nf6 2.c4 g6 3.Nc3 Bg7 4.e4 d6 5.Nf3 O-O 6.Be2 e5 7.O-O Nc6 8.d5 Ne7 9.Ne1
Ne8 10.Nd3 f5 11.Bd2 Nf6 12.f3 Kh8 13.b4 h5 14.exf5 Nxf5 15.Nf2 c6 16.dxc6
bxc6 17.Re1 Qb6 18.a3 Qd4 19.Bd3 d5 20.Ne2 Qb6 21.Ng3 e4 22.c5 Qc7 23.fxe4
Nxg3 24.hxg3 Ng4 25.Nxg4 Bxg4 26.Be2 Qxg3 27.Bxg4 Bd4+ {#R} 0-1

[Event "It (open) (juniors) (under 20)"]
[Site "masterchessopen.com Hengelo (Netherlands)"]
[Round "2"]
[White "Snuverink Laurens (NED)"]
[Black "Vinck Martin (NED)"]
[Result "0-1"]
[WhiteElo "1926"]
[BlackElo "2275"]

1.d4 Nf6 2.c4 g6 3.Nc3 Bg7 4.e4 d6 5.Nf3 O-O 6.Be2 e5 7.O-O Nc6 8.d5 Ne7 9.Ne1
Ne8 10.Be3 f5 11.f3 f4 12.Bf2 h5 13.Rc1 g5 14.c5 Rf6 15.Qb3 g4 16.cxd6 cxd6
17.Nb5 g3 18.hxg3 fxg3 19.Bxg3 Ng6 20.Bf2 Nf4 21.Rc2 Rg6 22.Be3 Bh6 23.Bd1 Qh4
24.Qc3 Nh3+ 25.Kh1 Nf2+ 26.Kg1 Nxd1 {#R} 0-1

[Event "Liga Mazowiecka 2009 (open)"]
[Site "masterchessopen.com Mazowsze (Poland)"]
[Date "2009.04.05"]
[Round "7"]
[White "Suliborski Artur (POL)"]
[Black "Traczyk Pawel (POL)"]
[Result "0-1"]
[WhiteElo "1714"]
[BlackElo "1839"]

1.d4 Nf6 2.c4 g6 3.Nc3 Bg7 4.e4 d6 5.Nf3 O-O 6.Be2 e5 7.O-O Nc6 8.d5 Ne7 9.Ne1
Ne8 10.Be3 f5 11.f3 f4 12.Bf2 g5 13.Nd3 h5 14.Rc1 Rf7 15.c5 Bf8 16.Qb3 Ng6
17.cxd6 cxd6 18.Rc2 g4 19.Rfc1 Qg5 20.Be1 g3 21.h3 Nh4 22.Bd2 Rg7 23.Nb5 Qd8
24.Qa3 Qb6+ 25.Kh1 Bxh3 26.gxh3 g2+ 27.Kh2 g1=Q+ 28.Rxg1 Qxg1# 0-1

[Event "Memorial Crespi (open) (b)"]
[Site "masterchessopen.com Milan (Italy)"]
[Date "2010.12.08"]
[Round "6"]
[White "Pasquotto Mirko (ITA)"]
[Black "Alidosi Marco (ITA)"]
[Result "1-0"]
[WhiteElo "1934"]
[BlackElo "1811"]

1.d4 Nf6 2.c4 g6 3.Nc3 Bg7 4.e4 d6 5.Nf3 O-O 6.Be2 e5 7.O-O Nc6 8.d5 Ne7 9.Ne1
c5 10.dxc6 bxc6 11.Bg5 h6 12.Be3 Qc7 13.Rc1 Rb8 14.Nd3 Ne8 15.Qd2 Kh7 16.f4 f5
17.fxe5 dxe5 18.exf5 Bxf5 19.Nc5 Rd8 20.Qe1 Bc8 21.Rd1 Rxd1 22.Qxd1 Rxf1+
23.Qxf1 Nf5 24.Bf2 Ned6 25.N3e4 Nxe4 26.Nxe4 Nd4 27.Bd3 Qe7 28.Be3 Bd7 29.Qf2
Be8 30.g4 Qf8 31.Qxf8 Bxf8 32.Nf6+ {#r} 1-0

[Event "Memorial E.Bykova (cat.7)"]
[Site "masterchessopen.com Vladimir (Russia)"]
[Date "2007.12.17"]
[Round "5"]
[White "Lund Esben (DEN)"]
[Black "Kupreichik Viktor D (BLR)"]
[Result "1-0"]
[WhiteElo "2408"]
[BlackElo "2368"]

1.d4 d6 2.Nf3 Nf6 3.c4 g6 4.Nc3 Bg7 5.e4 O-O 6.Be2 e5 7.O-O Nc6 8.d5 Ne7 9.Ne1
Ne8 10.Nd3 f5 11.Bd2 fxe4 12.Nxe4 Nf5 13.Bg5 Qd7 14.Bg4 h6 15.Bd2 Qe7 16.Re1
Nf6 17.Nxf6+ Qxf6 18.Bc3 h5 19.Bh3 Qh4 20.Rc1 Qxc4 21.Bxe5 Qxd5 22.Bxf5 Bxf5
23.Bxg7 Rf7 24.Bc3 Bxd3 25.Qd2 Be4 26.Qe3 Bf5 27.Rcd1 Qxa2 28.Rd4 Kh7 29.g4
Bd7 30.Qg5 Rg8 31.Rde4 Qb3 32.Re7 Rf8 33.Qf6 g5 34.gxh5 {#r} 1-0

[Event "Memorial E.Geller (open)"]
[Site "masterchessopen.com Odessa (Ukraine)"]
[Date "2009.08.20"]
[Round "1"]
[White "Bogatyrev Sergey (UKR)"]
[Black "Naboka Sergey (UKR)"]
[Result "1-0"]
[WhiteElo "2277"]
[BlackElo "2021"]

1.d4 Nf6 2.c4 g6 3.Nc3 Bg7 4.e4 d6 5.Be2 O-O 6.Nf3 e5 7.O-O Nc6 8.d5 Ne7 9.Ne1
Ne8 10.Be3 f5 11.f3 a5 12.c5 dxc5 13.Bxc5 Bh6 14.Nd3 b6 15.Bf2 fxe4 16.fxe4
Qd6 17.Nb5 Qf6 18.Bg3 Qg5 19.Rxf8+ Bxf8 20.Qc1 Qxc1+ 21.Rxc1 Ba6 22.Nxc7 Bxd3
23.Bxd3 Rc8 24.Bxe5 Bg7 25.Bxg7 Kxg7 26.Nxe8+ Rxe8 27.Rc7 Kf6 28.Bb5 Rc8
29.e5+ Kf7 30.Rxc8 Nxc8 31.d6 {#r} 1-0

[Event "Memorial Ermolaev (open)"]
[Site "masterchessopen.com Irkutsk (Russia)"]
[Date "2011.08.08"]
[Round "3"]
[White "Amosova Dariya (RUS)"]
[Black "Demakov Vladimir (RUS)"]
[Result "0-1"]
[WhiteElo "1585"]
[BlackElo "2036"]

1.d4 Nf6 2.c4 g6 3.Nc3 Bg7 4.e4 d6 5.Nf3 O-O 6.Be2 Nc6 7.O-O e5 8.d5 Ne7 9.Ne1
Ne8 10.Be3 f5 11.f3 f4 12.Bf2 h5 13.b4 g5 14.a4 a5 15.bxa5 Rxa5 16.Qb3 b6
17.Nb5 Kh7 18.Nc2 Ng6 19.Be1 Ra8 20.a5 bxa5 21.Rxa5 Rxa5 22.Bxa5 g4 23.Qa3 g3
24.h3 Qh4 25.Rd1 Bxh3 26.Kf1 Bd7 27.Ke1 Qh1+ 28.Kd2 Qxg2 29.Nxc7 Qf2 30.Kd3 g2
31.Qa1 Nxc7 32.Bxc7 Qc5 33.Qa5 g1=Q {#R} 0-1

[Event "Memorial J.Donner (cat.16)"]
[Site "masterchessopen.com Amsterdam (Netherlands)"]
[Round "5"]
[White "Shirov Alexei (ESP)"]
[Black "Nunn John D M (ENG)"]
[Result "0-1"]
[WhiteElo "2695"]
[BlackElo "2615"]

1.d4 Nf6 2.c4 g6 3.Nc3 Bg7 4.e4 d6 5.Be2 O-O 6.Nf3 e5 7.O-O Nc6 8.d5 Ne7 9.Ne1
Ne8 10.Be3 f5 11.f3 f4 12.Bf2 h5 13.c5 g5 14.a4 Rf6 15.a5 Rg6 16.cxd6 Nxd6
17.Nd3 g4 18.Bh4 Qf8 19.g3 Bf6 20.fxg4 hxg4 21.Nxf4 exf4 22.Rxf4 Qh6 23.Bxf6
Rxf6 24.Rxf6 Qxf6 25.Bxg4 Ng6 26.Bxc8 Rxc8 27.Qg4 Re8 28.Rf1 Qd4+ 29.Kg2 Kg7
30.Rf4 Nc4 31.Qg5 Qd2+ 32.Kh3 Rh8+ 33.Kg4 Ne5+ 34.Kf5 Rf8+ 35.Ke6 Nd3 {#R} 0-1